[Event "Aeroflot Open 2010"]
[Site "Moscu RUS"]
[Date "2010.02.11"]
[Round "3.32"]
[White "Amonatov, Farrukh"]
[Black "Novikov, Stanislav"]
[Result "1/2-1/2"]
[WhiteElo "2634"]
[BlackElo "2557"]
[PlyCount "150"]
[EventDate "2010.02.09"]
[EventType "swiss"]
[EventRounds "9"]
[EventCountry "RUS"]
[Source "lmi"]
[SourceDate "2010.02.09"]

1. e4 c5 2. Nf3 Nc6 3. Nc3 e6 4. d4 cxd4 5. Nxd4 Qc7 6. Be3 Nf6 7. f4 Bb4 8.
Ndb5 Qa5 9. e5 Nd5 10. Bd2 Nxc3 11. Bxc3 O-O 12. Qd2 a6 13. Bxb4 Qxb4 14. Qxb4
Nxb4 15. Nd4 d6 16. exd6 Rd8 17. c3 Rxd6 18. O-O-O Nd5 19. Nb3 Bd7 20. Bc4 Bc6
21. Na5 Kf8 22. Rd4 Ke7 23. Rhd1 g6 24. g3 Rd7 25. Be2 Nb6 26. Rxd7+ Nxd7 27.
Nxc6+ bxc6 28. Bf3 Rc8 29. Rd4 Nc5 30. Kc2 a5 31. Rc4 Kd6 32. b4 axb4 33. cxb4
Nd7 34. b5 c5 35. Ra4 c4 36. Ra6+ Kc5 37. Ra7 Nb6 38. Rxf7 Rd8 39. Rc7+ Kxb5
40. Rxh7 Nd5 41. a3 Kc5 42. Kc1 Kd4 43. Bg4 Kc3 44. Bf3 Ne3 45. Re7 Rd6 46. g4
Ra6 47. Be4 Rd6 48. Bf3 Ra6 49. Be4 Rxa3 50. Bxg6 Nd5 51. Rxe6 Nxf4 52. Re3+
Nd3+ 53. Kb1 Rb3+ 54. Ka1 Ra3+ 55. Kb1 Rb3+ 56. Ka1 Rb6 57. Bf5 Ra6+ 58. Kb1
Rb6+ 59. Ka1 Ra6+ 60. Kb1 Kd2 61. Rg3 Rb6+ 62. Ka1 Ne1 63. g5 c3 64. Ka2 Rb5
65. Be4 Re5 66. Bh7 Re7 67. Bf5 Re5 68. Bh7 c2 69. Bxc2 Kxc2 70. g6 Nd3 71.
Rg2+ Kc3 72. Rg3 Ra5+ 73. Kb1 Rb5+ 74. Ka2 Ra5+ 75. Kb1 Rb5+ 1/2-1/2

[Event "Aeroflot Open 2010"]
[Site "Moscu RUS"]
[Date "2010.02.11"]
[Round "3.33"]
[White "Tregubov, Pavel V"]
[Black "Iljushin, Alexei"]
[Result "1-0"]
[WhiteElo "2628"]
[BlackElo "2551"]
[PlyCount "85"]
[EventDate "2010.02.09"]
[EventType "swiss"]
[EventRounds "9"]
[EventCountry "RUS"]
[Source "lmi"]
[SourceDate "2010.02.09"]

1. Nf3 d5 2. d4 Nf6 3. c4 c6 4. Nc3 a6 5. e3 b5 6. b3 Bg4 7. Bd2 e6 8. h3 Bh5
9. g4 Bg6 10. Ne5 Bd6 11. h4 dxc4 12. Nxg6 hxg6 13. bxc4 bxc4 14. Bxc4 Nbd7 15.
g5 Nd5 16. Ne4 Be7 17. Rc1 a5 18. Qf3 Ba3 19. Rb1 Rb8 20. Rb3 Rxb3 21. axb3 Ke7
22. Qg3 Qb6 23. O-O Bb4 24. Ra1 Bxd2 25. Qd6+ Ke8 26. Nxd2 Rxh4 27. Nf3 Rh5 28.
Bxd5 cxd5 29. Qxb6 Nxb6 30. Rxa5 Nd7 31. b4 Ke7 32. Ra7 Kd6 33. Kg2 Rh8 34. Ne1
e5 35. Nd3 exd4 36. exd4 Rb8 37. f4 f6 38. Kf3 Kc6 39. Ke3 Re8+ 40. Kd2 fxg5
41. fxg5 Nb6 42. Ne5+ Kb5 43. Ra5+ 1-0

[Event "Aeroflot Open 2010"]
[Site "Moscu RUS"]
[Date "2010.02.11"]
[Round "3.34"]
[White "Papin, Vasily"]
[Black "Volkov, Sergey"]
[Result "1/2-1/2"]
[WhiteElo "2548"]
[BlackElo "2623"]
[PlyCount "154"]
[EventDate "2010.02.09"]
[EventType "swiss"]
[EventRounds "9"]
[EventCountry "RUS"]
[Source "lmi"]
[SourceDate "2010.02.09"]

1. d4 d5 2. c4 c6 3. Nf3 Nf6 4. Nc3 a6 5. Ne5 e6 6. Bf4 dxc4 7. Nxc4 b5 8. Ne5
c5 9. dxc5 Qxd1+ 10. Rxd1 Bxc5 11. e3 Nbd7 12. Be2 Bb7 13. Bf3 Bxf3 14. gxf3
Nb6 15. Ke2 O-O 16. Ne4 Nxe4 17. fxe4 Rfc8 18. Rc1 Bf8 19. Nd3 f6 20. Bg3 e5
21. Rxc8 Rxc8 22. Rc1 Rxc1 23. Nxc1 Kf7 24. f3 Ke6 25. Be1 Bd6 26. Nd3 h5 27.
b3 Nd7 28. Bb4 Nb8 29. Bxd6 Kxd6 30. Kd2 a5 31. Kc3 Nd7 32. b4 a4 33. Nf2 Nb8
34. Nh1 Ke6 35. Ng3 g6 36. Kd3 Na6 37. Kc3 Ke7 38. Ne2 Kf7 39. Nc1 Ke7 40. Ne2
Kd7 41. Ng3 Nc7 42. Kd2 Ne6 43. Ke1 Nd8 44. Kd2 Nf7 45. Ke1 Nd6 46. Kd2 Ke6 47.
Kd3 Nf7 48. Ke2 h4 49. Nh1 Nd6 50. Nf2 f5 51. exf5+ gxf5 52. Kd3 Kf6 53. Nh3
Nf7 54. Kc3 Nd8 55. Nf2 Ne6 56. Kd3 Ng5 57. Ke2 Ke6 58. e4 Kf6 59. exf5 Kxf5
60. Ke3 Ne6 61. Ne4 Nd4 62. Nc3 Nc2+ 63. Kf2 Nxb4 64. a3 Nd3+ 65. Ke3 Nf4 66.
Nxb5 Nd5+ 67. Ke2 Kf4 68. Nd6 Nc3+ 69. Kd3 Nb1 70. Nc4 Nxa3 71. Nxa3 Kxf3 72.
Nc4 e4+ 73. Kd4 h3 74. Nd2+ Kg2 75. Nxe4 a3 76. Kc3 Kxh2 77. Nf2 Kg3 1/2-1/2

[Event "Aeroflot Open 2010"]
[Site "Moscu RUS"]
[Date "2010.02.11"]
[Round "3.35"]
[White "Belov, Vladimir"]
[Black "Ajrapetjan, Yuriy"]
[Result "1-0"]
[WhiteElo "2595"]
[BlackElo "2525"]
[PlyCount "117"]
[EventDate "2010.02.09"]
[EventType "swiss"]
[EventRounds "9"]
[EventCountry "RUS"]
[Source "lmi"]
[SourceDate "2010.02.09"]

1. Nf3 Nf6 2. c4 g6 3. Nc3 Bg7 4. e4 d6 5. d4 O-O 6. Be2 e5 7. Be3 Ng4 8. Bg5
f6 9. Bh4 g5 10. Bg3 Nh6 11. h3 Nc6 12. d5 Ne7 13. Qd2 Nf7 14. Bh2 f5 15. exf5
Nxf5 16. Ne4 Nd4 17. Nxd4 exd4 18. Bg4 Bxg4 19. hxg4 b5 20. cxb5 Qe8 21. Qd3
Qc8 22. f3 Qb7 23. Rc1 h6 24. Rc6 a6 25. b6 cxb6 26. O-O Rad8 27. Qb3 b5 28.
Bxd6 Rfe8 29. Bc7 Rc8 30. Nc5 Qxc6 31. dxc6 Rxc7 32. f4 gxf4 33. Ne6 Rxc6 34.
Nxg7 Kxg7 35. Rxf4 Rf6 36. Rxd4 Re1+ 37. Kh2 Re2 38. Rd7 Re4 39. Qg3 Kg8 40.
Qc3 Kg7 41. Ra7 Ree6 42. Qc8 Rg6 43. Ra8 Kh7 44. Qf8 Rg7 45. Ra7 Rf6 46. g3 Kg6
47. Kg2 Kh7 48. a3 Kg6 49. Qc8 Kh7 50. Rxa6 Rxa6 51. Qxa6 Rg5 52. Qb7 Kg8 53.
b3 Rc5 54. Qb8+ Kg7 55. Qa7 Rd5 56. a4 bxa4 57. bxa4 Kf6 58. Qf2+ Ke7 59. Qa2
1-0

[Event "Aeroflot Open 2010"]
[Site "Moscu RUS"]
[Date "2010.02.11"]
[Round "3.36"]
[White "Bocharov, Dmitry"]
[Black "Danin, Alexandre"]
[Result "1-0"]
[WhiteElo "2594"]
[BlackElo "2519"]
[PlyCount "73"]
[EventDate "2010.02.09"]
[EventType "swiss"]
[EventRounds "9"]
[EventCountry "RUS"]
[Source "lmi"]
[SourceDate "2010.02.09"]

1. c4 Nf6 2. Nc3 d5 3. cxd5 Nxd5 4. g3 c5 5. Bg2 Nc7 6. Qa4+ Bd7 7. Qb3 Bc6 8.
Nf3 f6 9. O-O e5 10. Rd1 Be7 11. e3 Qd3 12. Ne1 Qa6 13. d4 Bxg2 14. Nxg2 Nd7
15. d5 Bd6 16. e4 c4 17. Qc2 Bc5 18. Be3 O-O 19. a4 Bb4 20. Rac1 Rfc8 21. Na2
Bd6 22. Qxc4 Qxc4 23. Rxc4 Nb6 24. Bxb6 axb6 25. Nc3 Ne8 26. Rxc8 Rxc8 27. Nb5
Rc4 28. Ne3 Rxe4 29. Nf5 Bc5 30. d6 Nxd6 31. Nbxd6 Re2 32. Nxb7 Bxf2+ 33. Kf1
Rxb2 34. Rd7 g6 35. Nh6+ Kh8 36. Nd8 Be3 37. Ne6 1-0

[Event "Aeroflot Open 2010"]
[Site "Moscu RUS"]
[Date "2010.02.11"]
[Round "3.39"]
[White "Feller, Sebastien"]
[Black "Vazquez Igarza, Renier"]
[Result "1-0"]
[WhiteElo "2579"]
[BlackElo "2560"]
[PlyCount "73"]
[EventDate "2010.02.09"]
[EventType "swiss"]
[EventRounds "9"]
[EventCountry "RUS"]
[Source "lmi"]
[SourceDate "2010.02.09"]

1. e4 e5 2. Nf3 Nc6 3. Bb5 a6 4. Ba4 Nf6 5. O-O b5 6. Bb3 Bc5 7. c3 d6 8. d4
Bb6 9. a4 Rb8 10. axb5 axb5 11. Qd3 Bd7 12. Na3 O-O 13. Bg5 exd4 14. cxd4 Nb4
15. Qb1 h6 16. Bh4 g5 17. Nxg5 hxg5 18. Bxg5 Bxd4 19. e5 Bxe5 20. Qg6+ Kh8 21.
Qh6+ Kg8 22. Qg6+ Kh8 23. Qh6+ Kg8 24. Rae1 Rb6 25. Re3 Bg4 26. Rg3 d5 27. Bxf6
Rxf6 28. Rxg4+ Rg6 29. Rxg6+ fxg6 30. Qxg6+ Bg7 31. Qe6+ Rf7 32. Nc2 Nxc2 33.
Bxd5 Qf8 34. Qg6 Nb4 35. Be6 Nc6 36. Bxf7+ Qxf7 37. Qxc6 1-0

[Event "Aeroflot Open 2010"]
[Site "Moscu RUS"]
[Date "2010.02.11"]
[Round "3.40"]
[White "Ragger, Markus"]
[Black "Laylo, Darwin"]
[Result "1-0"]
[WhiteElo "2568"]
[BlackElo "2556"]
[PlyCount "163"]
[EventDate "2010.02.09"]
[EventType "swiss"]
[EventRounds "9"]
[EventCountry "RUS"]
[Source "lmi"]
[SourceDate "2010.02.09"]

1. Nf3 d5 2. d4 Nf6 3. c4 c6 4. Nc3 a6 5. e3 b5 6. b3 Bg4 7. h3 Bxf3 8. Qxf3 e5
9. dxe5 Bb4 10. Bd2 Bxc3 11. Bxc3 Ne4 12. Bb4 bxc4 13. Qg4 c5 14. f3 Nc6 15.
fxe4 Nxb4 16. exd5 Nc2+ 17. Kf2 Nxa1 18. Qxg7 Rf8 19. Bxc4 Nc2 20. d6 Qh4+ 21.
g3 Qe4 22. d7+ Kxd7 23. Rd1+ Ke8 24. Qh6 Qg6 25. Qh4 Qf5+ 26. Ke2 Qxe5 27. Bd5
Rg8 28. Bxa8 Nd4+ 29. Kf1 Ne6 30. Kg2 Qxe3 31. Rf1 Rg5 32. Rf3 Qe2+ 33. Rf2 Qe5
34. Bf3 Kf8 35. Bg4 Qe4+ 36. Kh2 Qd4 37. Qh6+ Ke7 38. Re2 Re5 39. Rd2 Qe3 40.
Qxe3 Rxe3 41. Kg2 a5 42. Rc2 Re5 43. Rc4 f5 44. Bf3 Re3 45. Ra4 Nd4 46. Bh5 Nc6
47. g4 fxg4 48. Bxg4 Kd6 49. Bf3 Nd4 50. Ba8 Re2+ 51. Kg3 Re3+ 52. Kg2 Re2+ 53.
Kg3 Re3+ 54. Kg4 h5+ 55. Kh4 Ke5 56. Bg2 Re2 57. Bb7 Re3 58. Bc8 Kf4 59. Kxh5
Re8 60. Bg4 Ra8 61. Rc4 Ke5 62. Rxc5+ Kf6 63. Kh4 a4 64. b4 a3 65. Ra5 Rh8+ 66.
Kg3 Rb8 67. Rxa3 Rxb4 68. Ra6+ Ke5 69. h4 Nc2 70. h5 Ne3 71. Re6+ Kd4 72. Kf3
Nc4 73. Kf4 Kd5 74. Re4 Rb6 75. Re2 Kd4 76. Re6 Rb2 77. h6 Rf2+ 78. Kg5 Rxa2
79. h7 Ra8 80. Bh5 Rh8 81. Kh6 Ne5 82. Kg7 1-0

[Event "Aeroflot Open 2010"]
[Site "Moscu RUS"]
[Date "2010.02.13"]
[Round "5.1"]
[White "Le, Quang Liem"]
[Black "Nguyen, Ngoc Truong Son"]
[Result "1/2-1/2"]
[WhiteElo "2647"]
[BlackElo "2616"]
[PlyCount "28"]
[EventDate "2010.02.09"]
[EventType "swiss"]
[EventRounds "9"]
[EventCountry "RUS"]
[Source "lmi"]
[SourceDate "2010.02.09"]

1. d4 Nf6 2. Nf3 g6 3. c4 Bg7 4. Nc3 d5 5. Bg5 Ne4 6. Bf4 Nxc3 7. bxc3 O-O 8.
e3 c5 9. cxd5 cxd4 10. cxd4 Qxd5 11. Be2 Nc6 12. O-O Bf5 13. a3 Rad8 14. Qa4
Qe4 1/2-1/2

[Event "Aeroflot Open 2010"]
[Site "Moscu RUS"]
[Date "2010.02.13"]
[Round "5.6"]
[White "Bacrot, Etienne"]
[Black "Zvjaginsev, Vadim"]
[Result "1/2-1/2"]
[WhiteElo "2713"]
[BlackElo "2642"]
[PlyCount "117"]
[EventDate "2010.02.09"]
[EventType "swiss"]
[EventRounds "9"]
[EventCountry "RUS"]
[Source "lmi"]
[SourceDate "2010.02.09"]

1. d4 c5 2. d5 d6 3. c4 e5 4. e4 Be7 5. Nf3 Bg4 6. Nbd2 Nf6 7. Bd3 O-O 8. h3
Bd7 9. Nf1 Na6 10. Ng3 Ne8 11. O-O g6 12. Bh6 Ng7 13. Qd2 Kh8 14. a3 Nc7 15. b4
b6 16. Rab1 Nce8 17. bxc5 bxc5 18. Bc2 Qc8 19. Nh2 Nf6 20. Be3 Nfh5 21. Nxh5
Nxh5 22. Bh6 Rg8 23. g4 Nf4 24. Bxf4 exf4 25. Qxf4 Kg7 26. Qg3 Qa6 27. Qd3 h5
28. f4 hxg4 29. Nxg4 Bxg4 30. hxg4 Bf6 31. e5 dxe5 32. g5 e4 33. gxf6+ Qxf6 34.
Qxe4 Rae8 35. Qg2 Rh8 36. Rbd1 Re3 37. Rf3 Qc3 38. Rdf1 Rxf3 39. Rxf3 Qe1+ 40.
Rf1 Qc3 41. Bd1 Rh3 42. Bf3 Qe3+ 43. Rf2 Rh4 44. Qf1 Qxf4 45. Qe2 Qc1+ 46. Rf1
Qf4 47. Qf2 f5 48. d6 Qg5+ 49. Bg2 Rd4 50. Re1 Rd2 51. Re7+ Kf6 52. Re2 Rxd6
53. Qe3 Rd1+ 54. Kh2 Qxe3 55. Rxe3 g5 56. Re8 g4 57. Kg3 Rg1 58. Ra8 f4+ 59.
Kxg4 1/2-1/2

[Event "Aeroflot Open 2010"]
[Site "Moscu RUS"]
[Date "2010.02.13"]
[Round "5.8"]
[White "Savchenko, Boris"]
[Black "Volokitin, Andrei"]
[Result "1-0"]
[WhiteElo "2638"]
[BlackElo "2691"]
[PlyCount "141"]
[EventDate "2010.02.09"]
[EventType "swiss"]
[EventRounds "9"]
[EventCountry "RUS"]
[Source "lmi"]
[SourceDate "2010.02.09"]

1. e4 e5 2. Nf3 Nf6 3. d4 Nxe4 4. dxe5 d5 5. Nbd2 Nc5 6. Nb3 Nxb3 7. axb3 Be7
8. h4 c5 9. c4 Be6 10. Ng5 Bxg5 11. Bxg5 Qc7 12. cxd5 Qxe5+ 13. Qe2 Qxe2+ 14.
Bxe2 Bf5 15. g4 h6 16. Bf4 Be4 17. Bb5+ Nd7 18. Rh3 Bxd5 19. O-O-O Be6 20. Rhd3
Rd8 21. Bc7 Ke7 22. Bc4 Bxg4 23. Re1+ Be6 24. Bxe6 fxe6 25. Red1 e5 26. h5 Ke6
27. Rd6+ Ke7 28. f3 Rhf8 29. Bxd8+ Rxd8 30. Kc2 Ke8 31. Rg6 Kf7 32. Kc3 b6 33.
Rd5 Kf8 34. Kc4 b5+ 35. Kc3 a5 36. Rd1 Kf7 37. Rd2 Kf8 38. Kc2 Kf7 39. Rd3 Kf8
40. Kc3 Kf7 41. Kd2 Kf8 42. Ke3 Kf7 43. Rd5 Kf8 44. Ra6 Ke7 45. Rxa5 Ke6 46.
Rd2 Rb8 47. Ra7 Nf6 48. Rxg7 Nxh5 49. Rg6+ Nf6 50. Rxh6 c4 51. b4 Ra8 52. Rg2
Kf5 53. Rhg6 Rh8 54. R2g5+ Ke6 55. f4 Rh3+ 56. Ke2 exf4 57. Rxb5 Kf7 58. Rgg5
f3+ 59. Ke3 f2+ 60. Ke2 Rb3 61. Rb7+ Ke8 62. Re5+ Kd8 63. Ra5 Rxb2+ 64. Kf1 Kc8
65. Rf7 Nd7 66. Ra8+ Kb7 67. Rd8 c3 68. Rdxd7+ Ka6 69. Rc7 c2 70. Rc6+ Kb5 71.
Rfc7 1-0

[Event "Aeroflot Open 2010"]
[Site "Moscu RUS"]
[Date "2010.02.13"]
[Round "5.9"]
[White "Zhou, Jianchao"]
[Black "Naiditsch, Arkadij"]
[Result "1/2-1/2"]
[WhiteElo "2632"]
[BlackElo "2687"]
[PlyCount "55"]
[EventDate "2010.02.09"]
[EventType "swiss"]
[EventRounds "9"]
[EventCountry "RUS"]
[Source "lmi"]
[SourceDate "2010.02.09"]

1. d4 Nf6 2. c4 e6 3. g3 d5 4. Bg2 dxc4 5. Nf3 Bb4+ 6. Bd2 a5 7. a3 Bxd2+ 8.
Nbxd2 b5 9. b3 cxb3 10. Qxb3 c6 11. O-O O-O 12. Qc2 Bb7 13. Nb3 Nbd7 14. Ne5
Nxe5 15. dxe5 Nd7 16. Nc5 Nxc5 17. Qxc5 Ra6 18. Rfd1 Qb6 19. Qe7 Raa8 20. Rd7
Rae8 21. Qd6 Ba8 22. Rd1 b4 23. axb4 axb4 24. Rd4 Rb8 25. Rg4 b3 26. Qe7 b2 27.
Rxg7+ Kxg7 28. Qg5+ 1/2-1/2

[Event "Aeroflot Open 2010"]
[Site "Moscu RUS"]
[Date "2010.02.13"]
[Round "5.11"]
[White "Najer, Evgeniy"]
[Black "Khairullin, Ildar"]
[Result "1/2-1/2"]
[WhiteElo "2665"]
[BlackElo "2605"]
[PlyCount "46"]
[EventDate "2010.02.09"]
[EventType "swiss"]
[EventRounds "9"]
[EventCountry "RUS"]
[Source "lmi"]
[SourceDate "2010.02.09"]

1. e4 c6 2. d4 d5 3. e5 c5 4. Nf3 Bg4 5. c4 cxd4 6. cxd5 Qxd5 7. Nc3 Bxf3 8.
Nxd5 Bxd1 9. Nc7+ Kd7 10. Nxa8 Bc2 11. Bd2 Nc6 12. Rc1 d3 13. h4 e6 14. Rh3
Nge7 15. Bxd3 Bxd3 16. Rxd3+ Nd5 17. b4 b5 18. a4 bxa4 19. b5 Nxe5 20. Rc7+ Ke8
21. Rc8+ Kd7 22. Rc7+ Ke8 23. Rc8+ Kd7 1/2-1/2

[Event "Aeroflot Open 2010"]
[Site "Moscu RUS"]
[Date "2010.02.13"]
[Round "5.12"]
[White "Vescovi, Giovanni"]
[Black "Mamedov, Rauf"]
[Result "1/2-1/2"]
[WhiteElo "2660"]
[BlackElo "2640"]
[PlyCount "28"]
[EventDate "2010.02.09"]
[EventType "swiss"]
[EventRounds "9"]
[EventCountry "RUS"]
[Source "lmi"]
[SourceDate "2010.02.09"]

1. d4 d6 2. Nf3 g6 3. c4 Bg7 4. Nc3 Nf6 5. e4 O-O 6. Be2 c5 7. d5 e6 8. O-O
exd5 9. exd5 Re8 10. h3 Bf5 11. Bd3 Ne4 12. Nxe4 Bxe4 13. Bxe4 Rxe4 14. Qc2 Re8
1/2-1/2

[Event "Aeroflot Open 2010"]
[Site "Moscu RUS"]
[Date "2010.02.13"]
[Round "5.13"]
[White "Melkumyan, Hrant"]
[Black "So, Wesley"]
[Result "0-1"]
[WhiteElo "2583"]
[BlackElo "2656"]
[PlyCount "78"]
[EventDate "2010.02.09"]
[EventType "swiss"]
[EventRounds "9"]
[EventCountry "RUS"]
[Source "lmi"]
[SourceDate "2010.02.09"]

1. d4 d5 2. c4 c6 3. Nc3 Nf6 4. e3 a6 5. Nf3 b5 6. b3 Bg4 7. Be2 e6 8. h3 Bh5
9. g4 Bg6 10. Ne5 Nfd7 11. Nxg6 hxg6 12. Qc2 Be7 13. Bd2 Qc7 14. c5 e5 15. f4
Bh4+ 16. Kf1 exd4 17. exd4 b4 18. Na4 O-O 19. Kg2 Re8 20. Bd3 Nf8 21. Nb6 Ra7
22. Be1 Rxe1 23. Rhxe1 Qxf4 24. Re8 Qg3+ 25. Kh1 Qxh3+ 26. Qh2 Qf3+ 27. Kg1
Qxg4+ 28. Kh1 Qf3+ 29. Kg1 Qg4+ 30. Kh1 Re7 31. Rxb8 Qf3+ 32. Kg1 Qg4+ 33. Kh1
f5 34. Rg1 Qf3+ 35. Qg2 Qxd3 36. Qh2 Re2 37. Rxf8+ Kxf8 38. Nd7+ Ke8 39. Qb8+
Bd8 0-1

[Event "Aeroflot Open 2010"]
[Site "Moscu RUS"]
[Date "2010.02.13"]
[Round "5.14"]
[White "Timofeev, Artyom"]
[Black "Kobalia, Mikhail"]
[Result "1-0"]
[WhiteElo "2652"]
[BlackElo "2637"]
[PlyCount "113"]
[EventDate "2010.02.09"]
[EventType "swiss"]
[EventRounds "9"]
[EventCountry "RUS"]
[Source "lmi"]
[SourceDate "2010.02.09"]

1. c4 Nf6 2. Nc3 e5 3. Nf3 Nc6 4. d3 Bb4 5. Bd2 O-O 6. g3 Nd4 7. Bg2 Nxf3+ 8.
Bxf3 Re8 9. O-O c6 10. Bg2 h6 11. Rc1 a6 12. Qb3 Bc5 13. Na4 Ba7 14. c5 d5 15.
cxd6 Qxd6 16. Bb4 Qc7 17. Nc5 Be6 18. Nxe6 Rxe6 19. e3 Rd8 20. Rfd1 Bb6 21. Bh3
Ree8 22. Qc4 Nd5 23. Bd2 Qd6 24. b4 Qg6 25. Bg2 Nf6 26. Bc3 Nd5 27. Bd2 Nf6 28.
Bc3 Nd5 29. Be1 Rd6 30. a4 Red8 31. Be4 Qh5 32. b5 axb5 33. axb5 cxb5 34. Qxb5
Nxe3 35. fxe3 Bxe3+ 36. Kh1 Bxc1 37. Rxc1 Qe2 38. Ba5 Rf6 39. Bb6 Rf1+ 40. Rxf1
Qxf1+ 41. Bg1 f5 42. Qb3+ Kh8 43. Qf7 Qh3 44. Qe7 Rc8 45. Bg2 Qh5 46. Qxe5 Qf7
47. d4 Rc1 48. Bd5 Qd7 49. Be6 Qd8 50. Bxf5 Rd1 51. Bc2 Rc1 52. Qe4 Kg8 53. Kg2
b5 54. Be3 Ra1 55. Qh7+ Kf7 56. Bb3+ Kf6 57. Qe4 1-0

[Event "Aeroflot Open 2010"]
[Site "Moscu RUS"]
[Date "2010.02.13"]
[Round "5.16"]
[White "Korobov, Anton"]
[Black "Romanov, Evgeny"]
[Result "1/2-1/2"]
[WhiteElo "2642"]
[BlackElo "2599"]
[PlyCount "49"]
[EventDate "2010.02.09"]
[EventType "swiss"]
[EventRounds "9"]
[EventCountry "RUS"]
[Source "lmi"]
[SourceDate "2010.02.09"]

1. d4 d5 2. c4 c6 3. Nc3 Nf6 4. Nf3 dxc4 5. a4 Bf5 6. e3 e6 7. Bxc4 Bb4 8. O-O
O-O 9. Nh4 Bg6 10. Nxg6 hxg6 11. Qc2 Nbd7 12. Rd1 Qe7 13. a5 Rad8 14. Bd2 c5
15. Qb3 Nb8 16. dxc5 Bxc5 17. Be2 Nc6 18. Bf3 Rc8 19. Ne4 Nxe4 20. Bxe4 Rc7 21.
Rac1 Rfc8 22. g3 Bd6 23. h4 Nxa5 24. Rxc7 Bxc7 25. Bxa5 1/2-1/2

[Event "Aeroflot Open 2010"]
[Site "Moscu RUS"]
[Date "2010.02.13"]
[Round "5.17"]
[White "Moiseenko, Alexander"]
[Black "Grigoriants, Sergey"]
[Result "1-0"]
[WhiteElo "2677"]
[BlackElo "2560"]
[PlyCount "123"]
[EventDate "2010.02.09"]
[EventType "swiss"]
[EventRounds "9"]
[EventCountry "RUS"]
[Source "lmi"]
[SourceDate "2010.02.09"]

1. d4 Nf6 2. c4 e6 3. Nf3 b6 4. g3 Ba6 5. Qb3 Nc6 6. Nbd2 Na5 7. Qa4 Bb7 8. Bg2
c5 9. dxc5 bxc5 10. O-O Be7 11. Ne5 Bxg2 12. Kxg2 Qb6 13. Ndf3 Rc8 14. Rd1 Nc6
15. Bg5 Qa5 16. Qb5 Qxb5 17. cxb5 Nb8 18. Rac1 d6 19. Nd3 Nbd7 20. a4 Ne4 21.
Be3 Nb6 22. b3 Bf6 23. Nd2 Nxd2 24. Bxd2 Ke7 25. e4 Bd4 26. Bc3 e5 27. Bxd4
exd4 28. a5 Nd7 29. b4 g5 30. Rc4 Rc7 31. e5 Nxe5 32. Nxe5 dxe5 33. bxc5 Rb8
34. Rb1 a6 35. b6 Rc6 36. f4 gxf4 37. gxf4 Ke6 38. fxe5 Kxe5 39. Rd1 Rg8+ 40.
Kh1 Rd8 41. Rcxd4 Rxd4 42. Rxd4 Rxc5 43. Rb4 Rc8 44. b7 Rb8 45. Rb6 Ke4 46. Kg2
Ke3 47. Rb3+ Ke4 48. Kf2 Kd5 49. Rb6 Ke4 50. Ke2 f5 51. Kf2 Kf4 52. Rb4+ Ke5
53. Kf3 Kd6 54. Kf4 Kc7 55. h4 Rxb7 56. Rxb7+ Kxb7 57. Kxf5 Kc6 58. Kg5 Kd5 59.
Kh6 Ke6 60. Kxh7 Kf6 61. Kh6 Kf5 62. Kh5 1-0

[Event "Aeroflot Open 2010"]
[Site "Moscu RUS"]
[Date "2010.02.13"]
[Round "5.19"]
[White "Kosintseva, Nadezhda"]
[Black "Sargissian, Gabriel"]
[Result "0-1"]
[WhiteElo "2533"]
[BlackElo "2680"]
[PlyCount "102"]
[EventDate "2010.02.09"]
[EventType "swiss"]
[EventRounds "9"]
[EventCountry "RUS"]
[Source "lmi"]
[SourceDate "2010.02.09"]

1. e4 c6 2. d4 d5 3. e5 Bf5 4. Nd2 e6 5. Nb3 Nd7 6. Nf3 Bg6 7. Be2 Nh6 8. O-O
Rc8 9. a4 Be7 10. a5 Nf5 11. c3 O-O 12. g4 Nh6 13. h3 Kh8 14. Be3 Ng8 15. Ne1
f6 16. f4 fxe5 17. dxe5 c5 18. Bd3 Bxd3 19. Nxd3 Qe8 20. Nd2 c4 21. Ne1 Bc5 22.
Qe2 Ne7 23. Nc2 Qg6 24. Nd4 Bxd4 25. Bxd4 Nc6 26. Qe3 b6 27. axb6 axb6 28. Nf3
Nc5 29. Nh4 Qd3 30. Rad1 Qxe3+ 31. Bxe3 Nd3 32. Rd2 Kg8 33. Ng2 b5 34. Ne1 Nxe1
35. Rxe1 g5 36. Rf1 gxf4 37. Bxf4 b4 38. Bg3 Rxf1+ 39. Kxf1 Ra8 40. cxb4 Nxb4
41. Bf2 Nd3 42. Bd4 Rf8+ 43. Kg2 Ne1+ 44. Kg3 Rf3+ 45. Kh4 Rd3 46. Rxd3 cxd3
47. Bc3 d2 48. Bxd2 Nf3+ 49. Kg3 Nxd2 50. b4 Nc4 51. Kf4 h5 0-1

[Event "Aeroflot Open 2010"]
[Site "Moscu RUS"]
[Date "2010.02.13"]
[Round "5.20"]
[White "Belov, Vladimir"]
[Black "Smirin, Ilia"]
[Result "1-0"]
[WhiteElo "2595"]
[BlackElo "2668"]
[PlyCount "84"]
[EventDate "2010.02.09"]
[EventType "swiss"]
[EventRounds "9"]
[EventCountry "RUS"]
[Source "lmi"]
[SourceDate "2010.02.09"]

1. d4 Nf6 2. c4 g6 3. Nc3 Bg7 4. e4 d6 5. Nf3 O-O 6. Be2 e5 7. O-O Na6 8. Be3
c6 9. d5 Ng4 10. Bg5 f6 11. Bh4 c5 12. h3 Nh6 13. Qd2 Nf7 14. a3 Bh6 15. Qc2
Bf4 16. Bg3 Kg7 17. Ne1 f5 18. exf5 Bxf5 19. Bd3 Bxd3 20. Nxd3 Bxg3 21. fxg3
Nc7 22. b4 b6 23. bxc5 bxc5 24. Rab1 Qe7 25. Ne4 Rfb8 26. Rbe1 Rf8 27. Qa4 Qe8
28. Qa5 Qe7 29. Qa4 Qe8 30. Qa5 Qe7 31. Rb1 Rfb8 32. Rxb8 Rxb8 33. Qxa7 Ra8 34.
Qb6 Rxa3 35. Ndxc5 dxc5 36. d6 Nxd6 37. Nxd6 Ne6 38. Qb2 Qxd6 39. Qxa3 Qd4+ 40.
Kh2 Qxc4 41. Qa7+ Kh6 42. Qf7 Qe2 1-0

[Event "Aeroflot Open 2010"]
[Site "Moscu RUS"]
[Date "2010.02.13"]
[Round "5.23"]
[White "Amonatov, Farrukh"]
[Black "Safarli, Eltaj"]
[Result "1/2-1/2"]
[WhiteElo "2634"]
[BlackElo "2594"]
[PlyCount "57"]
[EventDate "2010.02.09"]
[EventType "swiss"]
[EventRounds "9"]
[EventCountry "RUS"]
[Source "lmi"]
[SourceDate "2010.02.09"]

1. e4 e5 2. Nf3 Nc6 3. d4 exd4 4. Nxd4 Bc5 5. Be3 Qf6 6. c3 Nge7 7. Bc4 Ne5 8.
Bb3 Qa6 9. Bc2 O-O 10. b4 Bxd4 11. cxd4 Nc4 12. O-O d5 13. Nc3 dxe4 14. Bxe4
Bf5 15. Bf3 Rad8 16. Qb3 Be6 17. b5 Qa5 18. d5 Nxe3 19. fxe3 Bd7 20. e4 Ng6 21.
Kh1 Ne5 22. a4 Qb6 23. a5 Qe3 24. Rae1 Qd4 25. Rd1 Qe3 26. Rfe1 Qc5 27. Be2 Qd6
28. Rf1 Rde8 29. Rb1 1/2-1/2

[Event "Aeroflot Open 2010"]
[Site "Moscu RUS"]
[Date "2010.02.13"]
[Round "5.24"]
[White "Tregubov, Pavel V"]
[Black "Khusnutdinov, Rustam"]
[Result "1/2-1/2"]
[WhiteElo "2628"]
[BlackElo "2513"]
[PlyCount "120"]
[EventDate "2010.02.09"]
[EventType "swiss"]
[EventRounds "9"]
[EventCountry "RUS"]
[Source "lmi"]
[SourceDate "2010.02.09"]

1. d4 Nf6 2. c4 g6 3. g3 Bg7 4. Bg2 d5 5. cxd5 Nxd5 6. Nf3 Nb6 7. Nc3 O-O 8.
O-O Nc6 9. e3 Re8 10. Re1 Bd7 11. b3 e5 12. Nxe5 Nxe5 13. dxe5 Bxe5 14. Bb2 c6
15. Qe2 Qe7 16. Rac1 f5 17. Nd1 Rad8 18. Bxe5 Qxe5 19. Nb2 Qe7 20. Nd3 Be6 21.
Nc5 Bd5 22. e4 fxe4 23. Qb2 Qc7 24. Bxe4 Bxe4 25. Nxe4 Nd5 26. h4 Re7 27. Re2
Re6 28. Rce1 Qg7 29. Qd2 Rde8 30. b4 Nf6 31. Nc5 Rxe2 32. Rxe2 Rxe2 33. Qxe2
Qf7 34. Qe5 b6 35. Nd3 Qxa2 36. Qb8+ Kg7 37. Qc7+ Qf7 38. Qxc6 Qd7 39. Qc3 h6
40. Nf4 Qf7 41. Qe5 Qe8 42. Qa1 Qf7 43. b5 g5 44. hxg5 hxg5 45. Ne2 Kh6 46. Nd4
Ne4 47. Qe1 Qd5 48. Qe3 Nd6 49. g4 Kg6 50. Nc6 Qe4 51. Qxe4+ Nxe4 52. Nxa7 Nd6
53. Kg2 Kf6 54. Kg3 Ke5 55. f4+ gxf4+ 56. Kf3 Ke6 57. Kxf4 Kf6 58. g5+ Kg6 59.
Ke5 Nxb5 60. Nxb5 Kxg5 1/2-1/2